000 00444nam a22001697a 4500
003 OSt
005 20140310182353.0
008 131001t xxu||||| |||| 00| 0 eng d
050 _aTT 157
_b.B154 1993
082 _aGS 731.028
_bB156 1993
100 _aBailey, Vanessa
_922259
245 _aMaking models /
_cBailey, Vanessa
260 _aLondon :
_bWatts Books,
_c1993.
300 _a32 p.
_c27 cm.
942 _2lcc
_cBK-GS
999 _c12427
_d12427